LDR 00952naa#a2200169#i#450# 001 RU\\bibl\19495 005 20260516015121.6 100 ## _a20260515b2026####ek#y0rusy0150####ca 102 ## _aRU 200 1# _aОПЫТ ПРИВИВКИ ХВОЙНЫХ ИНТРОДУЦЕНТОВ РОДА PINUS В ПИТОМНИКЕ ВОРОНЕЖСКОЙ ОБЛАСТИ _eСтатья/тезисы конференции 210 1# _aВоронеж _cВоронежский государственный лесотехнический университет имени Г.Ф. Морозова _d2026 215 ## _a8 с. 608 ## _aСтатья/тезисы конференции _2local 675 ## _aДекоративные растения для парков и общественных садов. 635.925 _aПитомники. 635.037 _z 700 #1 _aТихонова-Латинская _gЛ. А. 700 #1 _aЦепляев _gАлексей Николаевич 856 4# _abibl.vgltu.ru _u